| 000 | 00506nam a22001937a 4500 | ||
|---|---|---|---|
| 003 | LC | ||
| 005 | 20160322152617.0 | ||
| 008 | 130911t xxu||||| |||| 00| 0 eng d | ||
| 020 | _a9780425133842 | ||
| 050 |
_aPZ 7 _b.B471 1992 |
||
| 082 |
_aFIC B43sd _b1991 |
||
| 100 | _aBennett,Cherie | ||
| 245 |
_aSunset promises : _cCherie Bennett. |
||
| 260 |
_aNew York : _bA Berkley Book, _c1991. |
||
| 300 |
_a217 p. : _bill. ; _c17 cm. |
||
| 650 | _aRomance fiction. | ||
| 942 |
_2lcc _cBK |
||
| 999 |
_c10879 _d10879 |
||